| 000 | 00818 a2200181 4500 | ||
|---|---|---|---|
| 003 | NUST | ||
| 005 | 20230202131407.0 | ||
| 040 | _cNust | ||
| 082 | _a954,NEH | ||
| 100 |
_aNehru, Jawarhalal _9108498 |
||
| 245 |
_aThe Discovery of India / _cJawaharlal Nehru |
||
| 260 |
_aIndia _bThe Signet _c1946 |
||
| 300 | _a711 p.; | ||
| 505 | _aAhmadnagar Fort (Page-1), Badenweiler : Lausanne (Page-29), Three: The Quest (Page-41), The Discovery of India (Page-63), Five: Through the Ages (Page-143), New Problem (Page-261), The Last Phase: Consolidation of British (Page-339), The Last Phase (2): Nationalism Versus (Page-420), The Last Phase (3) : World War Two (Page-493), Ahmadnagar Fort Again (Page-581). | ||
| 600 |
_aJawaharlal Nehru _954049 |
||
| 650 |
_aThe Discovery of India _9108499 |
||
| 942 |
_2ddc _cBK _k954,NEH |
||
| 999 |
_c187340 _d187340 |
||